[Event "EU-ch Rapid"]
[Site "Katowice"]
[Date "2021.12.19"]
[Round "11"]
[White "Kowalczyk, Mariusz"]
[Black "Kozak, Antoni"]
[Result "0-1"]
[WhiteElo "2047"]
[BlackElo "2356"]
[PlyCount "66"]
[EventDate "2021.12.18"]
[EventType "swiss (rapid)"]
[EventRounds "11"]
[EventCountry "POL"]
[SourceTitle "CBM 205 Extra"]
[Source "ChessBase"]
[SourceDate "2022.01.31"]
[SourceVersion "1"]
[SourceVersionDate "2022.01.31"]
[SourceQuality "1"]

1. Nf3 d5 2. g3 Nf6 3. Bg2 Bf5 4. d4 c6 5. c4 e6 6. 0-0 Be7 7. Qb3 Qb6 8. Nc3 Nbd7 9. Bf4 h6 10. c5 Qa6 11. Ne5 Nxe5 12. Bxe5 0-0 13. Rfe1 b6 14. e4 dxe4 15. Nxe4 Bxe4 16. Bxe4 bxc5 17. dxc5 Nd7 18. Bc2 Nxe5 19. Rxe5 Rab8 20. Qf3 Bf6 21. Re2 Rxb2 22. Bd3 Qa5 23. Rxb2 Bxb2 24. Rb1 Bd4 25. Qe4 Rd8 26. Qh7+ Kf8 27. Rb7 Qe1+ 28. Kg2 Qxf2+ 29. Kh3 g6 30. Bxg6 Qf1+ 31. Kg4 f5+ 32. Kh4 Bf6+ 33. Kh5 Qh3# 0-1

[Event "EU-ch Rapid"]
[Site "Katowice"]
[Date "2021.12.19"]
[Round "10"]
[White "Wisniewski, Adrian"]
[Black "Kowalczyk, Mariusz"]
[Result "0-1"]
[WhiteElo "2351"]
[BlackElo "2047"]
[PlyCount "106"]
[EventDate "2021.12.18"]
[EventType "swiss (rapid)"]
[EventRounds "11"]
[EventCountry "POL"]
[SourceTitle "CBM 205 Extra"]
[Source "ChessBase"]
[SourceDate "2022.01.31"]
[SourceVersion "1"]
[SourceVersionDate "2022.01.31"]
[SourceQuality "1"]

1. e4 d6 2. d4 c6 3. Nf3 Qc7 4. e5 dxe5 5. dxe5 Bg4 6. Qd4 Bxf3 7. gxf3 Nd7 8. f4 e6 9. Nc3 Bc5 10. Qc4 Ne7 11. Ne4 b5 12. Qe2 Nd5 13. Be3 Be7 14. 0-0-0 Qa5 15. Kb1 Qb4 16. Bd2 Qa4 17. Bg2 N7b6 18. Nc3 Qc4 19. Bxd5 cxd5 20. Qxc4 bxc4 21. Be3 Rb8 22. f5 Bb4 23. Ne2 g6 24. fxe6 fxe6 25. h4 Kf7 26. h5 Be7 27. hxg6+ hxg6 28. b3 cxb3 29. axb3 Rbc8 30. Nf4 Nd7 31. Nd3 a5 32. Rdg1 Bb4 33. f4 Bc3 34. Rxh8 Rxh8 35. Nc1 d4 36. Bf2 Rh2 37. Rf1 Nc5 38. Bg1 Rg2 39. Na2 Ne4 40. Kc1 Bd2+ 41. Kd1 Bc3 42. Nxc3 Nxc3+ 43. Kc1 Rxg1 44. Rxg1 Ne2+ 45. Kd2 Nxg1 46. Kd3 Nh3 47. Kxd4 Nxf4 48. Kc5 g5 49. Kb6 g4 50. c4 g3 51. c5 g2 52. c6 g1Q+ 53. Kb7 Nd5 0-1

[Event "EU-ch Blitz"]
[Site "Katowice"]
[Date "2021.12.17"]
[Round "21"]
[White "Janaszak, Dawid"]
[Black "Kowalczyk, Mariusz"]
[Result "1-0"]
[WhiteElo "2333"]
[BlackElo "2047"]
[PlyCount "69"]
[EventDate "2021.12.17"]
[EventType "swiss (blitz)"]
[EventRounds "22"]
[EventCountry "POL"]
[SourceTitle "CBM 205 Extra"]
[Source "ChessBase"]
[SourceDate "2022.01.31"]
[SourceVersion "1"]
[SourceVersionDate "2022.01.31"]
[SourceQuality "1"]

1. e4 d6 2. Nc3 c6 3. a4 Qc7 4. d4 Nf6 5. g3 e5 6. Nge2 Be7 7. Bg2 0-0 8. h3 Re8 9. 0-0 Bf8 10. g4 g6 11. f4 exd4 12. Nxd4 Na6 13. f5 gxf5 14. Nxf5 Bxf5 15. Rxf5 Bg7 16. Bf4 Qb6+ 17. Kh1 Qxb2 18. Bd2 Nxe4 19. Nxe4 Qxa1 20. Qxa1 Bxa1 21. Nxd6 Re2 22. Bh6 f6 23. Bf1 Re1 24. Kg2 Rae8 25. Bc4+ R8e6 26. Nxb7 Nc7 27. Nd8 R1e5 28. Rxe5 Bxe5 29. Nxe6 Nd5 30. Bxd5 cxd5 31. Nc5 Kf7 32. Nd3 Bd4 33. Kf3 Ke6 34. Be3 Bc3 35. Bxa7 1-0

[Event "EU-ch Blitz"]
[Site "Katowice"]
[Date "2021.12.17"]
[Round "9"]
[White "Klekowski, Maciej"]
[Black "Kowalczyk, Mariusz"]
[Result "1-0"]
[WhiteElo "2479"]
[BlackElo "2047"]
[PlyCount "67"]
[EventDate "2021.12.17"]
[EventType "swiss (blitz)"]
[EventRounds "22"]
[EventCountry "POL"]
[SourceTitle "CBM 205 Extra"]
[Source "ChessBase"]
[SourceDate "2022.01.31"]
[SourceVersion "1"]
[SourceVersionDate "2022.01.31"]
[SourceQuality "1"]

1. c4 Nf6 2. Nc3 e6 3. Nf3 b6 4. g3 Bb7 5. Bg2 Be7 6. 0-0 0-0 7. Re1 d6 8. d4 Nbd7 9. e4 e5 10. d5 c6 11. h3 a6 12. a4 Rc8 13. Bf1 h6 14. Be3 cxd5 15. exd5 Nh7 16. Nd2 f5 17. f4 Nhf6 18. Bd3 Nh7 19. Rf1 Nc5 20. Bxc5 bxc5 21. fxe5 dxe5 22. Bxf5 Rb8 23. Bxh7+ Kxh7 24. Qc2+ g6 25. Rxf8 Qxf8 26. Rf1 Qg7 27. Nde4 Bc8 28. d6 Bd8 29. g4 h5 30. Nd5 Rb7 31. Nxc5 Rf7 32. Rxf7 Qxf7 33. Qf2 Qe6 34. Nxe6 1-0

[Event "POL-ch rapid"]
[Site "Zgierz"]
[Date "2019.10.06"]
[Round "5"]
[White "Maciejczak, Jakub"]
[Black "Kowalczyk, Mariusz"]
[Result "1-0"]
[WhiteElo "2383"]
[BlackElo "2038"]
[PlyCount "85"]
[EventDate "2019.10.06"]
[EventType "swiss (rapid)"]
[EventRounds "11"]
[EventCountry "POL"]
[SourceTitle "EXT 2020"]
[Source "ChessBase"]
[SourceDate "2019.10.17"]
[SourceVersion "1"]
[SourceVersionDate "2019.10.17"]
[SourceQuality "1"]

1. e4 e5 2. Nf3 Nc6 3. Bb5 a6 4. Ba4 Nf6 5. 0-0 b5 6. Bb3 Be7 7. Qe2 0-0 8. c3 Bb7 9. d3 d6 10. Nbd2 Nd7 11. Re1 Bf6 12. Nf1 Nb6 13. Ng3 Na5 14. Bc2 g6 15. Bh6 Bg7 16. Qd2 c5 17. Rad1 Re8 18. h3 Bh8 19. b4 Nc6 20. Bb3 a5 21. a3 a4 22. Ba2 cxb4 23. cxb4 d5 24. exd5 Nxd5 25. Ne4 Bc8 26. Rc1 Nce7 27. Bg5 Rb8 28. Bxd5 Qxd5 29. Nf6+ Bxf6 30. Bxf6 Rb6 31. Rxe5 Rxf6 32. Rxd5 Nxd5 33. Qh6 Nf4 34. Rc5 Bb7 35. Ng5 Re1+ 36. Kh2 Nd5 37. Qxh7+ Kf8 38. Rxb5 Bc6 39. Ra5 Rxf2 40. Qh8+ Ke7 41. Ra7+ Kd6 42. Ne4+ Rxe4 43. dxe4 1-0

[Event "POL-ch blitz"]
[Site "Szczawno Zdroj"]
[Date "2018.12.16"]
[Round "8"]
[White "Kowalczyk, Mariusz"]
[Black "Nowicki, Bartosz"]
[Result "1-0"]
[WhiteElo "2038"]
[BlackElo "2305"]
[PlyCount "61"]
[EventDate "2018.12.16"]
[EventType "swiss (blitz)"]
[EventRounds "15"]
[EventCountry "POL"]
[SourceTitle "CBM 187 Extra"]
[Source "ChessBase"]
[SourceDate "2018.11.04"]
[SourceVersion "1"]
[SourceVersionDate "2018.11.04"]
[SourceQuality "1"]

1. Nf3 g6 2. g3 Bg7 3. Bg2 e5 4. d3 f5 5. Nbd2 d6 6. e4 Nf6 7. c3 0-0 8. 0-0 Nc6 9. Re1 f4 10. Nf1 Nh5 11. d4 exd4 12. Nxd4 Nxd4 13. cxd4 Qf6 14. e5 dxe5 15. dxe5 Qf5 16. e6 fxg3 17. fxg3 Nf6 18. e7 Re8 19. Qb3+ Kh8 20. Kh1 c6 21. Bf4 Nd5 22. Ne3 Nxe3 23. Rxe3 Qc5 24. Qf7 Bg4 25. Rae1 a5 26. Be5 Bxe5 27. Rxe5 Qd6 28. R5e4 Bf5 29. Re5 a4 30. Bf3 a3 31. b3 1-0

[Event "POL-ch blitz"]
[Site "Szczawno Zdroj"]
[Date "2018.12.16"]
[Round "12"]
[White "Kowalczyk, Mariusz"]
[Black "Zylka, Stanislaw"]
[Result "0-1"]
[WhiteElo "2038"]
[BlackElo "2305"]
[PlyCount "70"]
[EventDate "2018.12.16"]
[EventType "swiss (blitz)"]
[EventRounds "15"]
[EventCountry "POL"]
[SourceTitle "CBM 187 Extra"]
[Source "ChessBase"]
[SourceDate "2018.11.04"]
[SourceVersion "1"]
[SourceVersionDate "2018.11.04"]
[SourceQuality "1"]

1. Nf3 Nf6 2. g3 g6 3. Bg2 Bg7 4. 0-0 0-0 5. d3 d5 6. Nbd2 c5 7. c4 Nc6 8. cxd5 Nxd5 9. Rb1 b6 10. a3 Bb7 11. Ne4 h6 12. h4 e6 13. e3 f5 14. Ned2 Qd7 15. Qe2 Rad8 16. Rd1 Nde7 17. Nf1 e5 18. Ne1 a5 19. Nc2 Ba6 20. Ne1 e4 21. Nd2 Ne5 22. f4 Nxd3 23. Bf1 c4 24. Qg2 Nd5 25. Nc2 Nf6 26. b3 c3 27. Nc4 Ng4 28. Be2 h5 29. a4 Qc7 30. Ba3 Rf7 31. Bxg4 hxg4 32. Nd4 Bxd4 33. exd4 Bxc4 34. bxc4 Qxc4 35. Rxb6 Qxd4+ 0-1

[Event "POL-ch blitz"]
[Site "Szczawno Zdroj"]
[Date "2018.12.16"]
[Round "11"]
[White "Sanz Wawer, Daniel"]
[Black "Kowalczyk, Mariusz"]
[Result "1-0"]
[WhiteElo "2127"]
[BlackElo "2038"]
[PlyCount "55"]
[EventDate "2018.12.16"]
[EventType "swiss (blitz)"]
[EventRounds "15"]
[EventCountry "POL"]
[SourceTitle "CBM 187 Extra"]
[Source "ChessBase"]
[SourceDate "2018.11.04"]
[SourceVersion "1"]
[SourceVersionDate "2018.11.04"]
[SourceQuality "1"]

1. d4 Nf6 2. c4 e6 3. Nc3 Bb4 4. Qc2 b6 5. a3 Bxc3+ 6. Qxc3 Ne4 7. Qc2 Bb7 8. Nf3 0-0 9. e3 f5 10. Bd3 Rf6 11. b3 Rg6 12. Rg1 d6 13. Bb2 Nd7 14. 0-0-0 Qe7 15. g4 Rf8 16. gxf5 Rxg1 17. Rxg1 exf5 18. d5 Rf7 19. Nd4 g6 20. Nxf5 Rxf5 21. Bxe4 Rg5 22. Rg3 Nc5 23. Bg2 Rxg3 24. hxg3 Bc8 25. Qc3 Kf7 26. Qg7+ Ke8 27. Qh8+ Kd7 28. Bh3+ 1-0

[Event "POL-ch blitz"]
[Site "Szczawno Zdroj"]
[Date "2018.12.16"]
[Round "13"]
[White "Talik, Patryk"]
[Black "Kowalczyk, Mariusz"]
[Result "0-1"]
[WhiteElo "1975"]
[BlackElo "2038"]
[PlyCount "70"]
[EventDate "2018.12.16"]
[EventType "swiss (blitz)"]
[EventRounds "15"]
[EventCountry "POL"]
[SourceTitle "CBM 187 Extra"]
[Source "ChessBase"]
[SourceDate "2018.11.04"]
[SourceVersion "1"]
[SourceVersionDate "2018.11.04"]
[SourceQuality "1"]

1. d4 Nf6 2. c4 e6 3. Nc3 Bb4 4. Nf3 b6 5. g3 Bb7 6. Bg2 Ne4 7. Bd2 Bxc3 8. Bxc3 f5 9. d5 Nxc3 10. bxc3 0-0 11. 0-0 Qe7 12. Nd4 Qf6 13. Nb5 Na6 14. Qb3 e5 15. Qa3 d6 16. Qc1 Qe7 17. e3 Nc5 18. f3 a6 19. Na3 Rae8 20. Qd2 Bc8 21. Nc2 Bd7 22. e4 f4 23. gxf4 Rxf4 24. Kh1 Ref8 25. Rg1 Kh8 26. Ne1 Be8 27. Nd3 Nxd3 28. Qxd3 Bh5 29. Raf1 Qf6 30. c5 bxc5 31. Qxa6 Bxf3 32. Bxf3 Rxf3 33. Rb1 Rf2 34. Qd3 Qh4 35. Qg3 Qxe4+ 0-1

[Event "EU-ch blitz"]
[Site "Katowice"]
[Date "2017.12.15"]
[Round "5"]
[White "Kowalczyk, Mariusz"]
[Black "Stupak, Kirill"]
[Result "0-1"]
[WhiteElo "2038"]
[BlackElo "2588"]
[PlyCount "78"]
[EventDate "2017.12.15"]
[EventType "swiss (blitz)"]
[EventRounds "22"]
[EventCountry "POL"]
[SourceTitle "CBM 182 Extra"]
[Source "ChessBase"]
[SourceDate "2018.02.23"]
[SourceVersion "1"]
[SourceVersionDate "2018.02.23"]
[SourceQuality "1"]

1. e4 e6 2. d3 c5 3. Nd2 g6 4. Ngf3 Bg7 5. c3 Nc6 6. g3 b6 7. Bg2 Ba6 8. Qc2 Nge7 9. 0-0 0-0 10. Rd1 d5 11. Nf1 Qc7 12. Ne3 Rad8 13. d4 cxd4 14. cxd4 dxe4 15. Qxe4 Be2 16. Re1 Bxf3 17. Qxf3 Nxd4 18. Qe4 Nef5 19. Rb1 Rd7 20. b3 Rfd8 21. Bb2 Nxe3 22. Rxe3 Nf5 23. Ree1 Bxb2 24. Rxb2 Rd4 25. Qb1 Qc3 26. Rbe2 Rd2 27. Qe4 Rxe2 28. Rxe2 Rd1+ 29. Bf1 Qc1 30. Qa8+ Kg7 31. Qg2 h5 32. h3 Nd4 33. Re3 Qa1 34. f4 Nf5 35. Rf3 Qd4+ 36. Kh2 Ne3 37. Qg1 Nxf1+ 38. Rxf1 Rd2+ 39. Kh1 Qe4+ 0-1

[Event "Katowice POL-HUN 5th"]
[Site "Katowice"]
[Date "2017.05.21"]
[Round "9"]
[White "Kanarek, Marcel"]
[Black "Kowalczyk, Mariusz"]
[Result "1-0"]
[WhiteElo "2519"]
[BlackElo "2038"]
[PlyCount "73"]
[EventDate "2017.05.20"]
[EventType "swiss (rapid)"]
[EventRounds "9"]
[EventCountry "POL"]
[SourceTitle "CBM 178 Extra"]
[Source "ChessBase"]
[SourceDate "2017.06.22"]
[SourceVersion "1"]
[SourceVersionDate "2017.06.22"]
[SourceQuality "1"]

1. e4 e5 2. Nf3 Nc6 3. Bb5 a6 4. Ba4 Nf6 5. 0-0 b5 6. Bb3 Be7 7. Re1 d6 8. c3 0-0 9. h3 Nd7 10. d4 Bf6 11. d5 Na5 12. Bc2 Bb7 13. Nbd2 Qe7 14. b4 Nc4 15. Nxc4 bxc4 16. Nd2 Nb6 17. Qe2 c6 18. Nxc4 Nxc4 19. Qxc4 Rfc8 20. Qd3 cxd5 21. exd5 Qc7 22. Bd2 g6 23. Bb3 a5 24. bxa5 Qxa5 25. c4 Qa3 26. Rac1 Ba6 27. Qc3 Qc5 28. Be3 Qc7 29. c5 dxc5 30. Qxc5 Qd7 31. Qb6 Bd8 32. Rxc8 Bxc8 33. Qc6 Ra6 34. Qxd7 Bxd7 35. Bc5 Bf6 36. Bb4 Kg7 37. Bc3 1-0

[Event "Katowice POL-HUN 5th"]
[Site "Katowice"]
[Date "2017.05.20"]
[Round "3"]
[White "Kowalczyk, Mariusz"]
[Black "Jakubiec, Artur"]
[Result "1/2-1/2"]
[WhiteElo "2038"]
[BlackElo "2500"]
[PlyCount "115"]
[EventDate "2017.05.20"]
[EventType "swiss (rapid)"]
[EventRounds "9"]
[EventCountry "POL"]
[SourceTitle "CBM 178 Extra"]
[Source "ChessBase"]
[SourceDate "2017.06.22"]
[SourceVersion "1"]
[SourceVersionDate "2017.06.22"]
[SourceQuality "1"]

1. e4 c5 2. Nf3 d6 3. d4 cxd4 4. Nxd4 Nf6 5. Nc3 a6 6. Bg5 e6 7. Qd2 h6 8. Bh4 Nxe4 9. Qf4 Nf6 10. Qf3 Be7 11. 0-0-0 Nbd7 12. g4 Ne5 13. Qe2 g5 14. Bg3 Qc7 15. h3 Bd7 16. Bg2 h5 17. Rhe1 hxg4 18. hxg4 Nfxg4 19. Ne4 Qc4 20. Qxc4 Nxc4 21. b3 Nce5 22. f3 Nf6 23. Nxd6+ Bxd6 24. Bxe5 Bxe5 25. Rxe5 Rg8 26. Nf5 Bc6 27. Nd4 Bd7 28. f4 gxf4 29. Bxb7 Ra7 30. Bf3 Rg3 31. Rf1 Ng4 32. Bxg4 Rxg4 33. Re4 Kf8 34. Ne2 f5 35. Re5 Ke7 36. Nxf4 Kf6 37. Re2 Rc7 38. Kb2 Bc8 39. Nd3 Rcg7 40. Rff2 Bb7 41. Nc5 Bc8 42. Nd3 Bb7 43. Nc5 Bc8 44. Nd3 Rh7 45. Ne5 Rg1 46. c4 Bb7 47. c5 Bd5 48. Nd3 Rhh1 49. Nb4 Ba8 50. Nxa6 Re1 51. Nc7 Be4 52. Ne8+ Ke5 53. Nd6 Rc1 54. Nxe4 fxe4 55. Rc2 e3 56. Rxc1 Rxc1 57. Re2 Rxc5 58. Rxe3+ 1/2-1/2

[Event "POL-ch rapid"]
[Site "Zgierz"]
[Date "2017.01.08"]
[Round "5"]
[White "Orzech, Dominik"]
[Black "Kowalczyk, Mariusz"]
[Result "1-0"]
[WhiteElo "2384"]
[BlackElo "2030"]
[PlyCount "67"]
[EventDate "2017.01.08"]
[EventType "swiss (rapid)"]
[EventRounds "9"]
[EventCountry "POL"]
[SourceTitle "CBM 176 Extra"]
[Source "ChessBase"]
[SourceDate "2017.03.02"]
[SourceVersion "1"]
[SourceVersionDate "2017.03.02"]
[SourceQuality "1"]

1. Nf3 Nf6 2. c4 e6 3. d4 d5 4. Nc3 c6 5. cxd5 exd5 6. Bg5 Be7 7. Qc2 h6 8. Bf4 Nbd7 9. e3 Nf8 10. Bd3 Ne6 11. Be5 0-0 12. 0-0 b6 13. Rac1 Bb7 14. Rfd1 Ng4 15. Bg3 Bd6 16. Ne5 Nxe5 17. dxe5 Be7 18. h3 f6 19. Bh7+ Kh8 20. Bf5 Ng5 21. e6 g6 22. Bxg6 Nxe6 23. Qf5 Bc8 24. Qh5 Kg7 25. Ne2 Bd7 26. Bf5 Be8 27. Qg4+ Ng5 28. Nf4 h5 29. Nxh5+ Bxh5 30. Qxh5 Qe8 31. Qxe8 Rfxe8 32. Rxc6 Rad8 33. Rc7 Kf8 34. Bd7 1-0

[Event "POL-chT U19 46th"]
[Site "Ustron"]
[Date "2015.07.26"]
[Round "2.2"]
[White "Kowalczyk, Mariusz"]
[Black "Psyk, Radoslaw"]
[Result "1/2-1/2"]
[WhiteElo "2174"]
[BlackElo "2128"]
[PlyCount "120"]
[EventDate "2015.07.25"]
[EventType "team-tourn"]
[EventRounds "9"]
[EventCountry "POL"]
[SourceTitle "EXT 2018"]
[Source "ChessBase"]
[SourceDate "2017.10.13"]
[SourceVersion "1"]
[SourceVersionDate "2017.10.13"]
[SourceQuality "1"]
[WhiteTeam "Opole Rodlo U19"]
[BlackTeam "Czarna LKSz GCKiP U19"]
[WhiteTeamCountry "POL"]
[BlackTeamCountry "POL"]

1. e4 e6 2. d4 d5 3. Nd2 c5 4. exd5 exd5 5. Ngf3 Nc6 6. Bb5 Bd6 7. 0-0 Nge7 8. dxc5 Bxc5 9. Nb3 Bd6 10. Re1 0-0 11. h3 Re8 12. Bd3 f6 13. c3 Ne5 14. Bc2 N7g6 15. Nbd4 Bd7 16. Bb3 Bc6 17. Be3 Qd7 18. Qc2 Nc4 19. Nxc6 Nxe3 20. Rxe3 bxc6 21. Rxe8+ Rxe8 22. c4 Nf4 23. cxd5 cxd5 24. Rd1 Kh8 25. Nd4 Nxh3+ 26. Kf1 Nf4 27. Ba4 Qg4 28. f3 Qh5 29. Bxe8 Qxe8 30. Re1 Qg8 31. Qc6 Be5 32. Ne2 Nd3 33. Rd1 Nb4 34. Qc5 Qb8 35. Rc1 h5 36. Qc8+ Qxc8 37. Rxc8+ Kh7 38. Nc3 d4 39. Ne4 d3 40. a3 Nd5 41. Rd8 Ne3+ 42. Kg1 Bxb2 43. Rxd3 Nc4 44. a4 a5 45. Rd5 Kg6 46. Kh1 f5 47. Nd6 Nxd6 48. Rxd6+ Kg5 49. Rc6 Ba3 50. Kh2 h4 51. Kh3 Kh5 52. f4 Bb4 53. Rc8 Be1 54. Re8 Bd2 55. Re5 g6 56. Rd5 Be1 57. Rd1 Bg3 58. Rd8 Bxf4 59. Rd5 Bc7 60. Rd7 Bg3 1/2-1/2

[Event "POL-chT U19 46th"]
[Site "Ustron"]
[Date "2015.07.25"]
[Round "1.26"]
[White "Kowalczyk, Mariusz"]
[Black "Grela, Kacper"]
[Result "0-1"]
[WhiteElo "2174"]
[BlackElo "2294"]
[PlyCount "60"]
[EventDate "2015.07.25"]
[EventType "team-tourn"]
[EventRounds "9"]
[EventCountry "POL"]
[SourceTitle "EXT 2018"]
[Source "ChessBase"]
[SourceDate "2017.10.13"]
[SourceVersion "1"]
[SourceVersionDate "2017.10.13"]
[SourceQuality "1"]
[WhiteTeam "Opole Rodlo U19"]
[BlackTeam "Wroclaw Polonia U19"]
[WhiteTeamCountry "POL"]
[BlackTeamCountry "POL"]

1. e4 c5 2. c3 e6 3. d4 d5 4. e5 Nc6 5. Nf3 Bd7 6. a3 Qc7 7. b4 c4 8. g3 Nge7 9. h4 f6 10. Qe2 fxe5 11. dxe5 b5 12. a4 bxa4 13. Bh3 Ng6 14. Bf4 Be7 15. h5 Nxf4 16. gxf4 0-0 17. Qd2 Rad8 18. Rg1 Bc8 19. Nd4 Nxd4 20. Qxd4 a5 21. Rxa4 axb4 22. Bxe6+ Kh8 23. h6 g6 24. Bxc8 Bc5 25. Qd2 Qxc8 26. cxb4 Bb6 27. Na3 c3 28. Qd3 Rxf4 29. Rg2 Rd4 30. Qb5 c2 0-1

[Event "Krakow op-B 25th"]
[Site "Krakow"]
[Date "2014.12.31"]
[Round "6"]
[White "Kowalczyk, Mariusz"]
[Black "Liberadzki, Slawomir"]
[Result "1-0"]
[WhiteElo "2003"]
[BlackElo "2057"]
[PlyCount "55"]
[EventDate "2014.12.27"]
[EventType "swiss"]
[EventRounds "9"]
[EventCountry "POL"]
[SourceTitle "CBM 164 Extra"]
[Source "ChessBase"]
[SourceDate "2015.03.02"]
[SourceVersion "1"]
[SourceVersionDate "2015.03.02"]
[SourceQuality "1"]

1. Nf3 c5 2. e4 e6 3. d3 Nc6 4. g3 g6 5. Bg2 Bg7 6. 0-0 Nge7 7. Nbd2 0-0 8. Re1 b6 9. c3 Bb7 10. Nf1 d5 11. e5 d4 12. c4 Qd7 13. h4 f6 14. exf6 Rxf6 15. Ng5 Raf8 16. Ne4 R6f7 17. Nh2 h6 18. Ng4 Nf5 19. a3 Kh7 20. b4 Nd6 21. h5 gxh5 22. Nxh6 Bxh6 23. Qxh5 Rf6 24. Nxd6 Qxd6 25. Be4+ Kg8 26. Bxh6 R8f7 27. Qg5+ Kh8 28. Bg7+ 1-0

[Event "Wroclaw op 9th"]
[Site "Wroclaw"]
[Date "2014.07.04"]
[Round "8"]
[White "Kowalczyk, Mariusz"]
[Black "Daniel, Damian"]
[Result "1-0"]
[WhiteElo "1987"]
[BlackElo "1869"]
[PlyCount "35"]
[EventDate "2014.06.29"]
[EventType "swiss"]
[EventRounds "9"]
[EventCountry "POL"]
[SourceTitle "EXT 2015"]
[Source "ChessBase"]
[SourceDate "2014.11.20"]
[SourceVersion "1"]
[SourceVersionDate "2014.11.20"]
[SourceQuality "1"]

1. f4 d5 2. Nf3 Nf6 3. b3 g6 4. Bb2 Bg7 5. e3 c5 6. Be2 Nc6 7. 0-0 0-0 8. h3 d4 9. exd4 Nxd4 10. Nxd4 cxd4 11. Na3 a6 12. Nc4 b5 13. Ne5 Bb7 14. Bf3 Bxf3 15. Qxf3 Qd6 16. Nc6 Nd5 17. Qxd5 Qc7 18. Qe4 1-0

[Event "Wroclaw op 9th"]
[Site "Wroclaw"]
[Date "2014.07.03"]
[Round "7"]
[White "Koszkul, Wojciech"]
[Black "Kowalczyk, Mariusz"]
[Result "1-0"]
[WhiteElo "1987"]
[BlackElo "1987"]
[PlyCount "75"]
[EventDate "2014.06.29"]
[EventType "swiss"]
[EventRounds "9"]
[EventCountry "POL"]
[SourceTitle "EXT 2015"]
[Source "ChessBase"]
[SourceDate "2014.11.20"]
[SourceVersion "1"]
[SourceVersionDate "2014.11.20"]
[SourceQuality "1"]

1. d4 d5 2. Nf3 e6 3. e3 Bd6 4. c4 c6 5. Nc3 f5 6. Be2 Nf6 7. 0-0 0-0 8. Bd2 Nbd7 9. a4 Ne4 10. a5 Qf6 11. g3 g5 12. c5 Bc7 13. Nxe4 dxe4 14. Ne1 Rd8 15. Nc2 Qh6 16. a6 Nf6 17. Nb4 f4 18. exf4 gxf4 19. Bxf4 Bxf4 20. gxf4 Qxf4 21. Ra3 Kh8 22. Rg3 Rb8 23. f3 Qe3+ 24. Kh1 Nh5 25. Rgg1 Nf4 26. Qe1 Nxe2 27. Nc2 Qxg1+ 28. Rxg1 Nxg1 29. Kxg1 bxa6 30. b4 Rb7 31. Qxe4 Rg7+ 32. Kf2 Rdg8 33. Qe5 h6 34. Ne3 Kh7 35. Ng4 Rg5 36. Qf6 R8g7 37. Qxh6+ Kg8 38. Qf6 1-0

[Event "Wroclaw op 9th"]
[Site "Wroclaw"]
[Date "2014.06.29"]
[Round "3"]
[White "Bieniek, Kazimierz"]
[Black "Kowalczyk, Mariusz"]
[Result "0-1"]
[WhiteElo "1636"]
[BlackElo "1987"]
[PlyCount "82"]
[EventDate "2014.06.29"]
[EventType "swiss"]
[EventRounds "9"]
[EventCountry "POL"]
[SourceTitle "EXT 2015"]
[Source "ChessBase"]
[SourceDate "2014.11.20"]
[SourceVersion "1"]
[SourceVersionDate "2014.11.20"]
[SourceQuality "1"]

1. d4 d5 2. c4 dxc4 3. Nf3 Nf6 4. Nc3 e6 5. Qa4+ Nbd7 6. Qxc4 c5 7. d5 Nb6 8. Qd3 Nbxd5 9. e3 Be7 10. Be2 0-0 11. a3 Nxc3 12. Qxc3 b6 13. 0-0 Bb7 14. Nd2 Ne4 15. Qc2 Nxd2 16. Bxd2 Bf6 17. Bd3 g6 18. Rad1 Qe7 19. b4 Rfc8 20. bxc5 Qxc5 21. Qxc5 Rxc5 22. Bb4 Rd5 23. Be2 Rxd1 24. Rxd1 Rd8 25. Rxd8+ Bxd8 26. Bd6 f6 27. f3 Kf7 28. Kf1 Be7 29. Bxe7 Kxe7 30. Ke1 Kd6 31. Kd2 Kc5 32. Kc3 b5 33. g3 a5 34. f4 Bd5 35. Bd3 Bf3 36. Bc2 b4+ 37. axb4+ axb4+ 38. Kb3 Bd5+ 39. Kb2 Kc4 40. h4 f5 41. Bb3+ Kd3 0-1

[Event "Wroclaw op 9th"]
[Site "Wroclaw"]
[Date "2014.06.29"]
[Round "2"]
[White "Kowalczyk, Mariusz"]
[Black "Kowalczyk, Rafal"]
[Result "0-1"]
[WhiteElo "1987"]
[BlackElo "2200"]
[PlyCount "98"]
[EventDate "2014.06.29"]
[EventType "swiss"]
[EventRounds "9"]
[EventCountry "POL"]
[SourceTitle "EXT 2015"]
[Source "ChessBase"]
[SourceDate "2014.11.20"]
[SourceVersion "1"]
[SourceVersionDate "2014.11.20"]
[SourceQuality "1"]

1. e4 e5 2. Nf3 Nc6 3. Bb5 f5 4. Nc3 fxe4 5. Nxe4 Nf6 6. Nxf6+ Qxf6 7. Qe2 Be7 8. Bxc6 dxc6 9. Qxe5 Bg4 10. Qxf6 Bxf6 11. d3 0-0-0 12. Nd2 Rhe8+ 13. Kf1 Be2+ 14. Kg1 Bxd3 15. cxd3 Re1+ 16. Nf1 Rxd3 17. g3 Rdd1 18. Kg2 Rxc1 19. Rxc1 Rxc1 20. b3 Rc2 21. Ne3 Rxa2 22. Rd1 c5 23. g4 Bd4 24. Rd3 Kd7 25. Kg3 Ke6 26. f4 g6 27. f5+ gxf5 28. Nxf5 Be5+ 29. Kh4 Rxh2+ 30. Kg5 b5 31. Re3 a5 32. Ng7+ Kd5 33. Nf5 c4 34. Ne7+ Kd6 35. Nf5+ Kd5 36. Ne7+ Kd6 37. Nf5+ Ke6 38. Nd4+ Kd5 39. Nxb5 cxb3 40. Rxb3 Kc4 41. Rb1 Rb2 42. Rxb2 Bxb2 43. Nxc7 a4 44. Ne8 Be5 45. Kh6 a3 46. Kxh7 a2 47. g5 a1Q 48. g6 Qh1+ 49. Kg8 Qh5 0-1

[Event "Wroclaw op 9th"]
[Site "Wroclaw"]
[Date "2014.06.29"]
[Round "1"]
[White "Urban, Damian"]
[Black "Kowalczyk, Mariusz"]
[Result "0-1"]
[WhiteElo "1381"]
[BlackElo "1987"]
[PlyCount "42"]
[EventDate "2014.06.29"]
[EventType "swiss"]
[EventRounds "9"]
[EventCountry "POL"]
[SourceTitle "EXT 2015"]
[Source "ChessBase"]
[SourceDate "2014.11.20"]
[SourceVersion "1"]
[SourceVersionDate "2014.11.20"]
[SourceQuality "1"]

1. e4 e5 2. Nf3 Nc6 3. Bb5 f5 4. d3 fxe4 5. dxe4 Nf6 6. Nc3 Bc5 7. Bxc6 bxc6 8. Bg5 0-0 9. 0-0 Qe8 10. h3 d6 11. Qe2 Bb6 12. Rfe1 Qg6 13. Rad1 Nh5 14. Be3 Bxh3 15. Ng5 Bxg2 16. Kxg2 Nf4+ 17. Bxf4 Rxf4 18. Qc4+ Kh8 19. Re2 Qxg5+ 20. Kf1 Raf8 21. Rdd2 Qh4 0-1